MARC details
| 000 -CABECERA |
| campo de control de longitud fija |
02245cam a22002898i 4500 |
| 001 - NÚMERO DE CONTROL |
| campo de control |
10584191 |
| 003 - IDENTIFICADOR DEL NÚMERO DE CONTROL |
| campo de control |
CaAEU |
| 005 - FECHA Y HORA DE LA ÚLTIMA TRANSACCIÓN |
| campo de control |
20250325150655.0 |
| 008 - DATOS DE LONGITUD FIJA--INFORMACIÓN GENERAL |
| campo de control de longitud fija |
240709s2025 enk b 001 0 eng |
| 010 ## - NÚMERO DE CONTROL DE LA BIBLIOTECA DEL CONGRESO |
| Número de control de LC |
2024031632 |
| 020 ## - NÚMERO INTERNACIONAL ESTÁNDAR DEL LIBRO |
| Número Internacional Estándar del Libro |
9781398616622 |
| Información calificativa |
(paperback) |
| 040 ## - FUENTE DE LA CATALOGACIÓN |
| Centro catalogador/agencia de origen |
DLC |
| Lengua de catalogación |
eng |
| Normas de descripción |
rda |
| Centro/agencia transcriptor |
DLC |
| 042 ## - CÃDIGO DE AUTENTICACIÃN |
| Código de autenticación |
pcc |
| 050 00 - SIGNATURA TOPOGRÁFICA DE LA BIBLIOTECA DEL CONGRESO |
| Número de clasificación |
HF5549.5.M5 |
| Número de documento/Ítem |
B454 2025 |
| 100 ## - ENTRADA PRINCIPAL--NOMBRE DE PERSONA |
| Nombre de persona |
Bell, Thomas Duncan, |
| Término indicativo de función/relación |
author. |
| 9 (RLIN) |
25027 |
| 245 10 - MENCIÓN DE TÍTULO |
| Título |
Spectrum of success |
| Resto del título |
: how embracing neurodiversity can revolutionize your business |
| Mención de responsabilidad, etc. |
/ Thomas Duncan Bell. |
| 264 #1 - PRODUCCIÓN, PUBLICACIÓN, DISTRIBUCIÓN, FABRICACIÓN Y COPYRIGHT |
| Producción, publicación, distribución, fabricación y copyright |
London ; |
| -- |
New York, NY : |
| Nombre del de productor, editor, distribuidor, fabricante |
Kogan Page Inc., |
| Fecha de producción, publicación, distribución, fabricación o copyright |
2025. |
| 300 ## - DESCRIPCIÓN FÍSICA |
| Extensión |
232 pages |
| 504 ## - NOTA DE BIBLIOGRAFÍA, ETC. |
| Nota de bibliografía, etc. |
Includes bibliographical references and index. |
| 505 ## - NOTA DE CONTENIDO CON FORMATO |
| Nota de contenido con formato |
Understanding neurodiversity —<br/>Understanding the fundamentals —<br/>The challenges of neurodiversity vocationally —<br/>Dispelling the neurodiversity myths —<br/>Empowering your business —<br/>Harnessing neurodivergence —<br/>The power of neurodiverse individuals and leaders —<br/>Creating an inclusive culture —<br/>Establishing sustainable change —<br/>Workplace wellbeing hacks —<br/>Championing neurodiversity —<br/>Final thoughts from The Bipolar Businessman. |
| 520 ## - SUMARIO, ETC. |
| Sumario, etc. |
Unlock the full potential of neurodiverse people and create a more inclusive, supportive and adaptive business with Spectrum of Success.<br/><br/>20% of the global population is neurodivergent, but the world isn't built for them. Their incredible talent becomes wasted when they don't have the opportunity to succeed. Spectrum of Success uncovers how we can create a more accessible work culture that champions neurodiversity and promotes allyship and collaboration.<br/><br/>Through fascinating research and inspiring interviews with neurodiverse business leaders, mental health expert Thomas Duncan Bell uncovers how we can support and champion neurodiversity at work and beyond. Drawing upon his own experiences with ADHD and bipolar disorder, the book also offers an enlightening insight into how neurodiverse individuals can thrive in the modern world. |
| Fuente proveedora |
Provided by publisher. |
| 650 #0 - PUNTO DE ACCESO ADICIONAL DE MATERIA--TÉRMINO DE MATERIA |
| Término de materia o nombre geográfico como elemento de entrada |
Diversity in the workplace |
| 9 (RLIN) |
7273 |
| 650 #0 - PUNTO DE ACCESO ADICIONAL DE MATERIA--TÉRMINO DE MATERIA |
| Término de materia o nombre geográfico como elemento de entrada |
Neurodivergent people |
| Subdivisión general |
Employment. |
| 650 #0 - PUNTO DE ACCESO ADICIONAL DE MATERIA--TÉRMINO DE MATERIA |
| Término de materia o nombre geográfico como elemento de entrada |
Creative thinking |
| 9 (RLIN) |
7027 |
| 650 #0 - PUNTO DE ACCESO ADICIONAL DE MATERIA--TÉRMINO DE MATERIA |
| Término de materia o nombre geográfico como elemento de entrada |
Organizational effectiveness |
| 9 (RLIN) |
2451 |
| 942 ## - ELEMENTOS DE ENTRADA AGREGADA (KOHA) |
| Fuente del sistema de clasificación o colocación |
Clasificación de Library of Congress |